Φορτώνει......

Urbanization without Growth : A Not-So-Uncommon Phenomenon

Λεπτομέρειες βιβλιογραφικής εγγραφής
Κύριος συγγραφέας: Marianne Fay and Charlotte Opal
Μορφή: Printed Book
Έκδοση: POLICY RESEARCH WORKING PAPER 2412 2000
Διαθέσιμο Online:http://10.26.1.76/ks/001876.pdf
LEADER 004060000a22001210004500
100 |a Marianne Fay and Charlotte Opal 
245 |a Urbanization without Growth : A Not-So-Uncommon Phenomenon 
260 |c 2000 
260 |b POLICY RESEARCH WORKING PAPER 2412 
856 |u http://10.26.1.76/ks/001876.pdf 
942 |c KS 
999 |c 71264  |d 71264 
952 |0 0  |1 0  |4 0  |7 0  |9 63228  |a MGUL  |b MGUL  |d 2015-08-01  |l 0  |r 2015-08-01  |w 2015-08-01  |y KS